Ética y polt̕ica en perspectiva fenomenolg̤ica

Detalles Bibliográficos
Autor principal: Hoyos Vs̀quez, Guillermo
Otros Autores: Held, Klaus, Breuer, Irene, Petrillo, Natalia, Rizo-Patrn̤ De Lerner, Rosemary, Rocha De La Torre, Alfredo, Vargas Bejarano, Julio Cesar
Formato: eBook
Lenguaje:español
Publicado: Bogot:̀ Siglo del Hombre Editores, 2012
Materias:
Acceso en línea:Acceso restringido

MARC

LEADER 00000nam a22000007a 4500
005 20210429221131.0
007 cr|||| ||||
008 210429s2012 co |||||s|||| 00||0 spa d
020 |a 978-958-665-207-0 
035 |a 33197 
040 |a vLex 
090 |c 11566  |d 11566 
100 1 |a Hoyos Vs̀quez, Guillermo 
245 1 0 |a Ética y polt̕ica en perspectiva fenomenolg̤ica  |h [Recurso electrn̤ico] :  |c Guillermo Hoyos Vs̀quez, Klaus Held, Irene Breuer, Natalia Petrillo, Rosemary Rizo-Patrn̤ De Lerner, Alfredo Rocha De La Torre, Julio Cesar Vargas Bejarano 
256 |a Servicio en ln̕ea 
260 |a Bogot:̀  |b Siglo del Hombre Editores,  |c 2012 
300 |a 1 recurso electrn̤ico 
500 |a Los once ensayos aqu ̕incluidos abordan los temas cls̀icos de la filosofa̕ desde una perspectiva fenomenolg̤ica entre Husserl y Heidegger, remitiendo, como lo hicieran el fundador y algunos maestros de la fenomenologa̕, a los org̕enes en Grecia. Es importante destacar el tratamiento significativo que Klaus Held da a los dos maestros acentuando los matices en los que se diferencia su fenomenologa̕, pero conservando las fortalezas de cada uno: a partir de la temporalidad, finitud y facticidad en Heidegger y de la facticidad, la responsabilidad y el mundo de la vida en Husserl. 
506 1 |a Disponible solo en los productos indicados  |d vLex Global  |d vLex Global (Academic Edition, excluding Law Schools)  |d vLex Global (U.S. Academic Edition, Law Schools)  |d vLex Global (U.S. Academic Edition, excluding Law Schools)  |d vLex Global (Academic Edition, Law Schools) 
650 0 4 |a Filosofa̕ y religin̤  |z Colombia 
700 1 |a Held, Klaus 
700 1 |a Breuer, Irene  
700 1 |a Petrillo, Natalia 
700 1 |a Rizo-Patrn̤ De Lerner, Rosemary 
700 1 |a Rocha De La Torre, Alfredo 
700 1 |a Vargas Bejarano, Julio Cesar 
740 0 |a vLex Libros (Servicio en ln̕ea) 
856 4 0 |u https://vlex.com/source/etica-y-politica-en-perspectiva-fenomenologica-33197  |z Acceso restringido 
942 |c BOOK 
999 0 |a Philosophy and religion